| 000 | 00731nam a22002177a 4500 | ||
|---|---|---|---|
| 003 | BUBTL | ||
| 008 | 230201b ||||| |||| 00| 0 eng d | ||
| 020 | _a9789849291824 | ||
| 082 | _a954.92/ M3111n/ 2018 | ||
| 100 |
_95185 _aMamoon, Muntassir |
||
| 245 |
_a1971 Our War of Liberation/ _c Muntassir Mamoon |
||
| 250 | _a1st Edn | ||
| 260 |
_aDhaka: _bJourneyman Books, _cc2018 |
||
| 300 |
_a83 p.: _bills.; _c16 cm. |
||
| 505 | _a1971, Liberation War, 1971 Our War of Liberation, Muntassir Mamoon, মুক্তিযুদ্ধ | ||
| 650 | 0 |
_94963 _aLiberation war |
|
| 650 | 0 |
_91755 _aমুক্তিযুদ্ধ |
|
| 856 |
_k0 _l0 _yDownload |
||
| 942 |
_2ddc _cBK |
||
| 999 |
_c6942 _d6942 |
||